Imaginární muzeum /

Hlavní autor: Malraux, André, 1901-1976
Další autoři: Chartier, Jana
Jazyk: Čeština
Vydáno: Praha : Akademie múzických umění v Praze v Nakladatelství AMU, 2024
Edice: Rozhraní
Témata:
Fyzický popis: 281 stran : ilustrace, portréty ; 18 cm
Knihy
Uloženo v:
LEADER 02475cam a2200709 i 4500
001 nkc20243653331
003 CZ PrNK
005 20250312172213.0
007 ta
008 250102s2024 xr ac f 000 0 cze d
015 |a cnb003653331 
020 |a 978-80-7331-619-8  |q (brožováno) 
035 |a (OCoLC)1514347297 
040 |a KLG001  |b cze  |d BOA001  |e rda 
041 1 |a cze  |h fre 
072 7 |a 7.01/.09  |x Umění  |2 Konspekt  |9 21 
080 |a 7.01/.09  |2 MRF 
080 |a 159.98:7.01  |2 MRF 
080 |a 159.954.3  |2 MRF 
080 |a 159.954  |2 MRF 
080 |a 7.072/.073  |2 MRF 
080 |a 7.026  |2 MRF 
080 |a 77.03/.08  |2 MRF 
080 |a 72/76:069  |2 MRF 
080 |a (048.8)  |2 MRF 
100 1 |a Malraux, André,  |d 1901-1976  |7 jn20000701133  |4 aut 
240 1 0 |a Musée imaginaire.  |l Česky  |7 aun20251254770 
245 1 0 |a Imaginární muzeum /  |c André Malraux ; z francouzského originálu Le musée imaginaire ... přeložila Jana Chartier 
264 1 |a Praha :  |b Akademie múzických umění v Praze v Nakladatelství AMU,  |c 2024 
300 |a 281 stran :  |b ilustrace, portréty ;  |c 18 cm 
336 |a text  |b txt  |2 rdacontent 
337 |a bez média  |b n  |2 rdamedia 
338 |a svazek  |b nc  |2 rdacarrier 
490 1 |a Rozhraní : edice NAMU ;  |v #06 
504 |a Obsahuje bibliografické odkazy 
650 0 7 |a teorie umění  |7 ph126574  |2 czenas 
650 0 7 |a psychologie umění  |7 ph124814  |2 czenas 
650 0 7 |a imaginace  |7 ph121035  |2 czenas 
650 0 7 |a představivost  |7 ph234789  |2 czenas 
650 0 7 |a vnímání uměleckého díla  |7 ph162887  |2 czenas 
650 0 7 |a reprodukce uměleckých děl  |7 ph164222  |2 czenas 
650 0 7 |a fotografie  |7 ph114585  |2 czenas 
650 0 7 |a muzea umění  |7 ph123050  |2 czenas 
650 0 9 |a theory of art  |2 eczenas 
650 0 9 |a art psychology  |2 eczenas 
650 0 9 |a imagery (psychology)  |2 eczenas 
650 0 9 |a imagination  |2 eczenas 
650 0 9 |a perception of art  |2 eczenas 
650 0 9 |a fine art reproductions  |2 eczenas 
650 0 9 |a photography  |2 eczenas 
650 0 9 |a art museums  |2 eczenas 
655 7 |a monografie  |7 fd132842  |2 czenas 
655 9 |a monographs  |2 eczenas 
700 1 |a Chartier, Jana  |7 pag2008474944  |4 trl 
830 0 |a Rozhraní  |0 s 
910 2 |a BOA001  |b 1-1542.027 
920 |a 1645845  |z KLG001 
928 9 |a Nakladatelství AMU 
990 |a BK 
995 |a 01 
991 |b 202503  |c NOV 
996 6 |b 2610995720  |c 1-1542.027  |l MZK  |r Sklad / do 1 hodiny  |n 0  |p p.v.  |w 001996408  |u 000010  |a 1  |e BOA001  |j MZK50  |s P